120 mẩu chuyện vui Anh - Việt = 120 english - vietnamese humourous stories

Sách tập hợp các mẩu chuyện vui dí dỏm nhằm giúp người đọc thư dãn đồng thời cung cấp một công cụ để học từ vựng và văn phạm tiếng anh nhẹ nhàng mà hiệu quả

Sparad:
Bibliografiska uppgifter
Materialtyp: Bok
Språk:Undetermined
Publicerad: Đà Nẵng Nhà xuất bản Đà Nẵng 2007
Ämnen:
Taggar: Lägg till en tagg
Inga taggar, Lägg till första taggen!
Thư viện lưu trữ: Trung tâm Học liệu Trường Đại học Cần Thơ
LEADER 00903nam a2200205Ia 4500
001 CTU_123654
008 210402s9999 xx 000 0 und d
020 |c 18000 
082 |a 808.879 
082 |b M458/T.2 
245 0 |a 120 mẩu chuyện vui Anh - Việt = 
245 0 |b 120 english - vietnamese humourous stories 
245 0 |c Nguyễn Thiên Văn, Lương Vĩnh Kim biên soạn 
260 |a Đà Nẵng 
260 |b Nhà xuất bản Đà Nẵng 
260 |c 2007 
520 |a Sách tập hợp các mẩu chuyện vui dí dỏm nhằm giúp người đọc thư dãn đồng thời cung cấp một công cụ để học từ vựng và văn phạm tiếng anh nhẹ nhàng mà hiệu quả 
650 |a Wit and humor,Humorous stories 
904 |i Nguyên 
980 |a Trung tâm Học liệu Trường Đại học Cần Thơ